000 00671nam a2200265Ia 4500
003 OSt
005 20220912150721.0
006 a|||||r|||| 00| 0
007 ta
008 220909b |||||||| |||| 00| 0 eng d
024 _a26609
037 _cTextual
040 _aCSL
_beng
_cCSL
041 _aeng
082 _aC:(B28), M0
100 _aReichl L E
245 0 _aModern course in statistical physics
260 _aUSA
_bEdward Arnold
_c1980
300 _axii,707p.
_ccm.
500 _aAppendix 657-92p
650 _a Statistcial physics
650 _aPhysics
942 _hC:(B28), M0
_cTEXL
_2CC
999 _c53137
_d53137